Completely Hidden Countries of South America Quiz Stats

 Plays Quiz Updated Mar 2, 2018

Score 0/12 Timer 02:00
24 Plays Today
% Correct
Brazil
95.5%
Bolivia
90.8%
Argentina
86.6%
Peru
84.4%
Chile
82.8%
Colombia
82.7%
Paraguay
79.4%
Venezuela
77.5%
Guyana
73.4%
Uruguay
72.7%
Ecuador
70.8%
Suriname
68%

You're not logged in!

Compare scores with friends on all Sporcle quizzes.
OR
Log In

Show Comments

Extras

Top Quizzes Today


Score Distribution

Your Account Isn't Verified!

In order to create a playlist on Sporcle, you need to verify the email address you used during registration. Go to your Sporcle Settings to finish the process.

Report this User

Report this user for behavior that violates our Community Guidelines.

Details: